Diseño de puente vehicular Los Ángeles mediante la norma de construcción AASHTO 2007.

Presenta el diseño y análisis estructural de un puente vehicular según la norma de diseño AASHTO LRFD 2007, incluye diseño de cubierta de concreto, diseño de viga de acero, diseño de apoyos, estribos y presupuestos de requerimiento de materiales.

Bibliographic Details
Main Authors: Lanuza Pineda, Yasser Fauricio, Lanuza Castillo, José Alí., González Machado, Rafael Antonio
Other Authors: Tutor: Cruz Uriarte, Pablo Antonio
Format: Tesis Section = Libro
Language:Undetermined
Spanish
Published: Managua UNI 2011
Subjects:
LEADER 01102nam a2200265Ia 4500
008 240830s9999 xx 000 0 und d
040 |a BIBLIOTECA-RUPAP Mon 624.2 L296 
041 |a spa 
082 |a Mon 624.2 L296 
100 1 |a Lanuza Pineda, Yasser Fauricio 
100 1 |b Lanuza Castillo, José Alí. 
100 1 |c González Machado, Rafael Antonio 
245 1 0 |a Diseño de puente vehicular Los Ángeles mediante la norma de construcción AASHTO 2007. 
260 |a Managua  |b UNI  |c 2011 
300 |a 151 p. :il. 
500 |a Contiene: anexos e Incluye: CD. 
502 |a Tesis (Ingeniero Civil)- UNI, 2011. 
520 3 |a Presenta el diseño y análisis estructural de un puente vehicular según la norma de diseño AASHTO LRFD 2007, incluye diseño de cubierta de concreto, diseño de viga de acero, diseño de apoyos, estribos y presupuestos de requerimiento de materiales. 
650 7 |a PUNTES - DISEÑO 
650 7 |b CONSTRUCCION DE PUENTES 
650 7 |c ESTRIBOS - PUENTES.  
700 1 |a Tutor:  |b Cruz Uriarte, Pablo Antonio 
942 |c BK  |2 ddc 
991 |a TESIS 
999 |c 15924